| 000 | 00477nam a22001697a 4500 | ||
|---|---|---|---|
| 005 | 20251108172031.0 | ||
| 008 | 250721s1985 xx 000 0 ara d | ||
| 082 | 1 | 4 | _a510/دعب |
| 100 | 1 | _aدعبول، موفق | |
| 245 | 1 | 0 | _aالرياضيات المعاصرة للآباء / |
| 264 | 1 |
_aبيروت : _bمؤسسة الرسالة، _c1985. |
|
| 300 | _a259ص | ||
| 650 | 1 | 7 | _aالرياضيات |
| 700 | 1 | _aحمصي، إلهام | |
| 942 |
_2ddc _cBK |
||
| 999 |
_c68763 _d68763 |
||